| 000 | 00551nam a2200217Ia 4500 | ||
|---|---|---|---|
| 999 |
_c15203 _d15203 |
||
| 003 | 0100 | ||
| 005 | 20180323091251.0 | ||
| 008 | 130303s9999 xx 000 0 und d | ||
| 020 | _a231061005 | ||
| 040 | _cARRUPELIB | ||
| 050 | _aBT708.B77 1988 | ||
| 100 |
_aBrown, Peter _940892 |
||
| 245 | 4 |
_aThe body and society _bmen, women and sexual renunciation in early Christianity _cPeter Brown |
|
| 260 |
_aNew York _bColumbia University Press _c1988 |
||
| 300 |
_a504 p. ; _c24cm. |
||
| 440 |
_aLectures on the history of religions _940893 |
||
| 650 |
_bCelibacy _xChristianity _xHistory of doctrines _yEarly Church, ca. 30-600 _940894 |
||
| 650 |
_bVirginity _xReligious aspects _xChristianity _xHistory of doctrines _yEarly Church, ca. 30-300 _940895 |
||
| 650 |
_bSex _xReligious aspects _xChristianity _xHistory of doctrines _yEarly Church, ca. 30-300 _940896 |
||
| 650 |
_bAsceticism _xHistory _yEarly Church, ca. 30-300 _940897 |
||
| 942 |
_2lcc _cMONOGRAPH |
||